000 01757nam a22002177a 4500
005 20210927062529.0
008 210927b ||||| |||| 00| 0 eng d
020 _a0143028030
040 _cAloy
041 _aEnglish
082 _223
_a958.1045
_bCOOU
100 _aJohn K Cooley
_9379
245 _aUnholy wars
_bAfghanistan America and international terrorism
260 _aNew Delhi
_bPenguin Books
_c2000
300 _axiii,299p.
_bPB
_c23x15cm
365 _b₹295.00
_c
_d₹295.00
520 _aThis completely revised edition examines the events of September 11th 2001, Osama bin Laden's role and the complex working of the Al Qa'ida terror network. This is the classic book on the history of the USA's involvement with Afghanistan that explains the devastating consequences of the alliance between the US government and radical Islam. Essential reading for anyone who wants to understand the roots of the current international crisis. Cooley marshals a wealth of evidence – from the assassination of Sadat, the destabilisation of Algeria and Chechnya and the emergence of the Taliban, to the bombings of the World Trade Center and the US embassies in Africa. He examines the crucial role of Pakistan’s military intelligence organisation; uncovers China’s involvement and its aftermath; the extent of Saudi financial support; the role of ‘America’s most wanted man' Osama bin Laden; the BCCI connection; the CIA’s cynical promotion of drug traffic in the Golden Crescent; the events in Pakistan since the military coup of October 1999; and, finally, the events of September 11th 2001 and their continuing impact on world affairs.
650 _aInternational terrorism
_9380
700 _aCOOLEY (John K)
_9381
942 _2ddc
_cGF
999 _c216395
_d216395